000 00524nam a22002057a 4500
003 koha_MIRAKIL
005 20231213100209.0
008 231213b |||||||| |||| 00| 0 ||| d
020 _b978-9-94469675-3
040 _aTR-IsEVY
_btur
_cTR-IsEVY
082 _a823 BOY/Y
100 _aBoyne, John.
245 0 _aYanlışlıkla dünyanın öbür ucuna uçan çocuk
250 _a5. bs.
260 _bTudem,
_c2015
300 _a279 s.
650 _aEnglish fiction.
650 _aİngiliz romanı.
942 _2ddc
_cBK
999 _c16101
_d16101